[Event "Stay Safe Play From Home 349"]
[Site "Emanuel Lasker Arena"]
[Date "2020.08.02"]
[Round "8"]
[White "Uber_WING"]
[Black "Stefanone"]
[Result "0-1"]
[WhiteElo "2357"]
[BlackElo "2027"]
[Annotator "RC"]
[PlyCount "88"]
[EventDate "2020.08.02"]
[EventType "swiss (blitz)"]

1. e4 {[%emt 0:00:00]} e6 {[%emt 0:00:01]} 2. Nc3 {[%emt 0:00:01]} d5 {[%emt 0:00:00]} 3. d3 {[%emt 0:00:00]} c6 {[%emt 0:00:01]} 4. e5 {[%emt 0:00:01]} f5 {[%emt 0:00:01]} 5. f4 {[%emt 0:00:01]} c5 {[%emt 0:00:01]} 6. Nf3 {[%emt 0:00:01]} Nc6 {[%emt 0:00:01]} 7. g3 {[%emt 0:00:01]} Nge7 {[%emt 0:00:01]} 8. Bg2 {[%emt 0:00:01]} d4 {[%emt 0:00:00]} 9. Ne2 {[%emt 0:00:01]} Nd5 {[%emt 0:00:00]} 10. O-O {[%emt 0:00:00]} Be7 {[%emt 0:00:01]} 11. c3 {[%emt 0:00:02]} dxc3 {[%emt 0:00:01]} 12. bxc3 {[%emt 0:00:00]} O-O {[%emt 0:00:02]} 13. d4 {[%emt 0:00:01]} cxd4 {[%emt 0:00:02]} 14. Nexd4 {[%emt 0:00:00]} Nxd4 {[%emt 0:00:01]} 15. cxd4 {[%emt 0:00:00]} Bd7 {[%emt 0:00:01]} 16. Re1 {[%emt 0:00:01]} Bb5 {[%emt 0:00:01]} 17. Bd2 {[%emt 0:00:01]} Bc6 {[%emt 0:00:00]} 18. Rb1 {[%emt 0:00:01]} g6 {[%emt 0:00:01]} 19. a4 {[%emt 0:00:05]} a5 {[%emt 0:00:01]} 20. Ng5 {[%emt 0:00:04]} Bxg5 {[%emt 0:00:01]} 21. fxg5 {[%emt 0:00:00]} Qd7 {[%emt 0:00:00]} 22. Ra1 {[%emt 0:00:03]} Nb4 {[%emt 0:00:01]} 23. Bxb4 {[%emt 0:00:02]} axb4 {[%emt 0:00:01]} 24. Bxc6 {[%emt 0:00:02]} Qxc6 {[%emt 0:00:00]} 25. Qd3 {[%emt 0:00:01]} Rxa4 {[%emt 0:00:02]} 26. Rxa4 {[%emt 0:00:01]} Qxa4 {[%emt 0:00:00]} 27. Qc4 {[%emt 0:00:01]} b5 {[%emt 0:00:04]} 28. Qxe6+ {[%emt 0:00:01]} Kg7 {[%emt 0:00:00]} 29. d5 {[%emt 0:00:04]} b3 {[%emt 0:00:01]} 30. d6 {[%emt 0:00:01]} Qd4+ {[%emt 0:00:02]} 31. Kf1 {[%emt 0:00:03]} b2 {[%emt 0:00:01]} 32. d7 {[%emt 0:00:01]} Qd3+ {[%emt 0:00:01]} 33. Kf2 {[%emt 0:00:01]} b1=Q {[%emt 0:00:01]} 34. Qe7+ {[%emt 0:00:01]} Rf7 {[%emt 0:00:02]} 35. Qf6+ {[%emt 0:00:09]} Rxf6 {[%emt 0:00:01]} 36. exf6+ {[%emt 0:00:00]} Kf7 {[%emt 0:00:01]} 37. Re7+ {[%emt 0:00:01]} Kf8 {[%emt 0:00:01]} 38. Re8+ {[%emt 0:00:01]} Kf7 {[%emt 0:00:00]} 39. d8=Q {[%emt 0:00:00]} Qxd8 {[%emt 0:00:01]} 40. Rxd8 {[%emt 0:00:00]} Qc2+ {[%emt 0:00:01]} 41. Ke3 {[%emt 0:00:01]} b4 {[%emt 0:00:00]} 42. Rd7+ {[%emt 0:00:01]} Ke6 {[%emt 0:00:01]} 43. Re7+ {[%emt 0:00:01]} Kd6 {[%emt 0:00:01]} 44. f7 {[%emt 0:00:00]} Kxe7 {[%emt 0:00:01] Uber_WING resigns (Lag: Av=0.81s, max=1.9s)} 0-1

[Event "Stay Safe Play From Home 349"]
[Site "Emanuel Lasker Arena"]
[Date "2020.08.02"]
[Round "8"]
[White "Mepe_Nika"]
[Black "Edmatuag"]
[Result "1-0"]
[WhiteElo "2346"]
[BlackElo "1695"]
[Annotator "TA"]
[PlyCount "57"]
[EventDate "2020.08.02"]
[EventType "swiss (blitz)"]

{[%evp 9,57,1,16,16,12,8,11,17,37,35,25,4,42,40,63,37,32,33,19,10,8,4,16,1,7,0,7,18,37,0,27,28,34,33,283,280,359,285,402,413,389,400,457,359,333,328,427,419,380,199]} 1. d4 d5 2. Bf4 Nf6 3. e3 e6 4. c4 Bd6 5. Bg3 c5 6. dxc5 {D00: 1 d4 d5: Unusual lines.} Bxc5 {[#]} 7. Nc3 $146 ({Predecessor:} 7. cxd5 Nxd5 8. Bb5+ Bd7 9. Bxd7+ Nxd7 10. a3 Qa5+ 11. Qd2 Bb4 12. axb4 Qxa1 13. Qd1 Qxb2 {0-1 (31) Lugo,S (1092)-Duarte Laconich,J (1263) Asuncion 2019}) 7... Nc6 8. Nf3 {The position is equal.} a6 9. cxd5 exd5 10. Bd3 Be6 11. O-O Bd6 12. Rc1 Bxg3 13. hxg3 O-O 14. Bb1 Rc8 15. a3 Qe7 16. Qd3 Rfd8 17. Nd4 g6 18. Nxc6 Rxc6 19. Ne2 Rdc8 {And now ...Rxc1 would win.} 20. Rxc6 Rxc6 21. Nd4 Qc7 $2 {[#] This move loses the game for Black.} (21... Rc8 $14) 22. Nxc6 $18 bxc6 23. Qc2 Nh5 (23... c5 $142 24. Qc3 Ng4) 24. Rc1 Bd7 25. Qc5 Ng7 26. Bd3 Ne6 27. Qc3 c5 28. Bxa6 c4 {[#]} 29. Bxc4 {Accuracy: White = 76%, Black = 59%.} (29. e4 $142 $1) 1-0

[Event "Stay Safe Play From Home 349"]
[Site "Emanuel Lasker Arena"]
[Date "2020.08.02"]
[Round "8"]
[White "Nuktotitakoi"]
[Black "AChessPlayer"]
[Result "1-0"]
[WhiteElo "2315"]
[BlackElo "2422"]
[Annotator "TA"]
[PlyCount "103"]
[EventDate "2020.08.02"]
[EventType "swiss (blitz)"]

{[%evp 9,103,77,124,122,126,110,109,88,98,94,115,83,94,53,44,-218,0,0,15,0,0,-3,53,-104,-100,-92,202,50,194,-96,46,-211,-202,-579,-575,-618,-547,-544,-539,-663,-540,-600,-541,-574,-522,-664,-667,-675,-620,-1691,-927,-29983,-29984,-29984,-29985,-29991,-29988,-29988,-29975,-29974,-29975,-12840,-663,-663,-234,-234,-234,-234,-234,-234,997,956,29986,29987,29991,29992,29994,29995,29995,29996,29996,29995,29995,29990,29990,29989,29993,29994,29996,29995,29999,29993,29993,29992,29993,29992]} 1. e4 c6 2. Nc3 d5 3. Nf3 dxe4 4. Nxe4 {[#]} f6 $146 ({Predecessor:} 4... Nf6 5. Nxf6+ exf6 6. d4 Bd6 7. Bd3 O-O 8. O-O Re8 9. h3 Nd7 10. c3 Nf8 11. Qc2 Be6 12. Re1 Qd7 13. Be3 Ng6 14. Bf1 Bd5 15. Qd1 Nf4 16. Nd2 Qf5 {1-0 (59) Radjabov,T (2765)-Artemiev,V (2716) chess.com INT 2020}) 5. Ng3 e6 6. d4 {B11: Caro-Kann: Two Knights Variation.} Bd6 7. Bc4 Ne7 8. Qe2 {White is better.} Nd5 9. Bb3 O-O 10. c4 Bb4+ 11. Bd2 Nf4 {[%mdl 64] Double Attack} 12. Qf1 $2 {[%mdl 8192]} (12. Qd1 $1 $14 Bxd2+ 13. Qxd2) 12... Qa5 $2 (12... Bxd2+ $19 13. Kxd2 c5) 13. O-O-O $36 {[%mdl 2048] White is pushing.} Bxd2+ 14. Rxd2 Na6 15. a3 c5 ({Better is} 15... b5 $11) 16. d5 $2 (16. Ne2 $14 Nxe2+ 17. Qxe2) 16... exd5 $17 17. cxd5 {And now Qc4 would win.} c4 $2 {[%mdl 8192]} (17... b5 $1 $17 {and life is bright.} 18. Bc2 Bd7) 18. Bxc4 $2 (18. Qxc4 $18 Qc5 19. Kb1 Qxc4 20. Bxc4) 18... Bg4 (18... Bd7 $14) 19. Ne2 $2 (19. d6+ $18 Kh8 20. Rd4 Bxf3 21. gxf3) 19... Ng6 ({Black should play} 19... b5 $17 {Threatens to win with ...Rfc8.} 20. Bxb5 (20. Nxf4 $2 bxc4 21. Rc2 Rfc8 $17) 20... Rac8+ 21. Bc6 Nxd5) 20. Kb1 $2 {[%mdl 8192]} (20. Nc3 $14 {stays ahead.}) 20... Bxf3 $19 21. Rc2 $2 (21. Rd4 {is a better chance.} Bxe2 22. Qxe2) 21... Be4 22. Nd4 Bxc2+ 23. Nxc2 Rac8 24. Bb3 Qc5 25. h4 Qd6 26. h5 Ne5 27. g3 Nc5 28. Ba2 Ncd3 {Hoping for ...Rxc2!} 29. h6 {[#]} Qb6 $1 {[%csl Gd3][%cal Rb6b2]} 30. b4 {[#]} Rxc2 $1 31. Kxc2 Rc8+ 32. Kd2 Qd4 33. d6+ Nc4+ 34. Bxc4+ Rxc4 35. Qxd3 {[%mdl 4096] Endgame KQR-KQR} Qb2+ (35... Qxf2+ $142 36. Kd1 Rd4 $1 {[%mdl 512]} 37. Qxd4 Qxd4+ 38. Kc1 Qa1+ {[%mdl 64] Double Attack} 39. Kd2 Qxh1) 36. Ke3 Rc3 $2 (36... Qe5+ 37. Kf3 {[#]} Rc3 $1 {[%mdl 512]}) 37. Rd1 Rxd3+ ({Less strong is} 37... Rxa3 38. d7 $15) 38. Rxd3 {KQ-KR} Qe5+ ({And not} 38... gxh6 39. d7 $11) 39. Kd2 {intending d7.} Qg5+ $4 {[%mdl 8192]} ({Stronger than} 39... gxh6 40. d7 $11) (39... Qe8 $19 40. d7 Qd8 41. hxg7 Kxg7) 40. f4 $18 Qh5 41. d7 {White mates.} Qh2+ 42. Kc3 gxh6 43. d8=Q+ {[%mdl 64] Double Attack} Kg7 44. Qd7+ Kg6 45. Qe8+ Kf5 46. Rd5+ Kg4 47. Qe6+ Kf3 48. Rd3+ Kf2 49. Rd2+ Kg1 50. Rxh2 Kxh2 51. Qxf6 Kxg3 52. Qxh6 {Accuracy: White = 40%, Black = 43%.} 1-0

[Event "Stay Safe Play From Home 349"]
[Site "Emanuel Lasker Arena"]
[Date "2020.08.02"]
[Round "8"]
[White "SelamiSahin"]
[Black "NTBT_DHS"]
[Result "0-1"]
[WhiteElo "2154"]
[BlackElo "2587"]
[Annotator "TA"]
[PlyCount "66"]
[EventDate "2020.08.02"]
[EventType "swiss (blitz)"]

{[%evp 21,66,54,53,8,-6,-51,-49,-39,-50,-76,-72,-75,-71,-77,-80,-82,-70,-85,-46,-237,-95,-87,-3,-308,-326,-316,-321,-268,-295,-294,-86,-288,-53,-243,-235,-498,-497,-1916,-1904,-29992,-5665,-5343,-5365,-5177,-5085,-2263,-2197]} 1. d4 Nf6 2. c4 g6 3. Nc3 Bg7 4. e4 O-O 5. Be2 d6 6. Be3 e5 7. Nf3 Ng4 8. Bg5 f6 9. Bh4 g5 10. Bg3 Nc6 11. h3 Nh6 12. O-O {E92: King's Indian: Classical: 6 Be2 e5: 7 dxe5, 7 Be3 and Petrosian System without 7...Nbd7.} f5 {Black wants to play ...f4.} 13. dxe5 (13. d5 $5 {[%cal Rd5c6]} Nd4 14. exf5 $11) 13... f4 $1 {[%cal Rf4g3]} 14. Bh2 {Black is slightly better.} Nxe5 15. Nxe5 Bxe5 16. f3 Be6 {[#]} 17. Qc2 $146 ({Predecessor:} 17. Rc1 Kg7 18. Qa4 c6 19. Kh1 {½-½ (19) Duplenko,V (2316)-Holec,M (2057) ICCF email 2011}) 17... c6 18. Kh1 Nf7 19. Rad1 h5 20. Bg1 $2 {[#]} ({Better is} 20. c5 $15) 20... Qe7 (20... g4 $1 $19 {[%mdl 512] is more deadly.} 21. Rd2 (21. fxg4 hxg4) 21... Qh4) 21. Bd4 $17 g4 (21... Bxd4 $17 22. Rxd4 Rad8) 22. Bxe5 $4 {[%mdl 8192]} (22. Nd5 $1 $11 cxd5 23. exd5 Bxd4 24. Rxd4) 22... dxe5 $19 (22... Nxe5 $2 23. Rg1 $17) 23. fxg4 hxg4 24. Bxg4 Bxg4 ({Inferior is} 24... Bxc4 25. Rd7 $16) 25. hxg4 Qh4+ 26. Kg1 {[#]} Rfd8 $2 (26... Ng5 $1 $19 {White must now prevent ...f3.} 27. Rd6 Qxg4) 27. Qe2 $2 (27. Rxd8+ $15 Rxd8 28. Rd1) 27... Ng5 28. b4 $2 (28. a3 {keeps fighting.}) 28... Qg3 29. Rxd8+ (29. Rf3 $142 Nxf3+ 30. Qxf3) 29... Rxd8 30. Na4 f3 (30... Kg7 $142 31. Ra1 f3 32. Qb2 fxg2 33. Qxg2 Qe3+ {[%mdl 64] Double Attack} 34. Kh1 Rh8+ 35. Qh2 Rxh2+ 36. Kxh2 Qf2+ 37. Kh1 Nf3 38. Rd1 Qh2#) 31. Rxf3 {Black is clearly winning.} Nxf3+ 32. Qxf3 Qe1+ 33. Kh2 Kg7 {Accuracy: White = 33%, Black = 58%.} 0-1

[Event "Stay Safe Play From Home 349"]
[Site "Emanuel Lasker Arena"]
[Date "2020.08.02"]
[Round "8"]
[White "little champs"]
[Black "Trotsky"]
[Result "1-0"]
[WhiteElo "2147"]
[BlackElo "1641"]
[Annotator "TA"]
[PlyCount "45"]
[EventDate "2020.08.02"]
[EventType "swiss (blitz)"]

{[%evp 9,44,16,72,76,130,23,106,108,164,148,143,133,174,172,154,163,182,183,191,191,266,254,246,230,252,158,159,125,1027,1010,1238,1019,1508,1270,1210,1092,29999]} 1. d4 d5 2. e3 e6 3. Nf3 c5 4. Be2 Nc6 5. O-O {[#]} c4 $146 (5... cxd4 $11 6. exd4 Bd6) ({Predecessor:} 5... Nge7 6. dxc5 Ng6 7. c4 dxc4 8. Qxd8+ Nxd8 9. Bxc4 Bxc5 10. a3 a6 11. b4 Bd6 {0-1 (60) Landa,K (2515)-Gyimesi,Z (2525) Balatonbereny 1995}) 6. b3 $16 {[%cal Bb2b3,Bb3c4,Bc4c5][%mdl 32] D02: 1 d4 d5 2 Nf3 sidelines, including 2...Nf6 3 g3 and 2...Nf6 3 Bf4.} Bd6 (6... cxb3 $142 7. axb3 Nf6) 7. a4 (7. bxc4 $16 Nf6 8. Nbd2) 7... Nf6 (7... cxb3 $11 8. c4 b6) 8. bxc4 {White is better.} Qc7 (8... O-O $16) 9. c5 Be7 10. c4 Bd7 11. cxd5 exd5 12. Nc3 a6 13. Qb3 Be6 14. Ng5 h5 (14... O-O $142 15. Nxe6 fxe6) 15. Nxe6 fxe6 16. f4 g5 17. fxg5 Ng4 {[%csl Gg4][%cal Rc7h2] [#]} 18. g3 {And now Nxd5 would win.} h4 $2 {[%mdl 8192] This move loses the game for Black.} (18... Nxh2 $16 19. Kxh2 h4) 19. Bxg4 $18 hxg3 20. h3 Rh4 {[#]} 21. Nxd5 $1 exd5 22. Qxd5 {Threatening mate with Qg8+.} Rd8 23. Qf7# {Accuracy: White = 69%, Black = 27%.} 1-0

[Event "Stay Safe Play From Home 349"]
[Site "Emanuel Lasker Arena"]
[Date "2020.08.02"]
[Round "8"]
[White "Haris kollari 13"]
[Black "TheCHESSHOUSE"]
[Result "0-1"]
[WhiteElo "1693"]
[BlackElo "2024"]
[Annotator "NA"]
[PlyCount "60"]
[EventDate "2020.08.02"]
[EventType "swiss (blitz)"]

1. e4 {[%emt 0:00:01]} c5 {[%emt 0:00:02]} 2. f4 {[%emt 0:00:01]} d6 {[%emt 0:00:01]} 3. Nf3 {[%emt 0:00:01]} Nc6 {[%emt 0:00:00]} 4. d4 {[%emt 0:00:00]} cxd4 {[%emt 0:00:01]} 5. Nxd4 {[%emt 0:00:00]} Bd7 {[%emt 0:00:01]} 6. Nc3 {[%emt 0:00:01]} g6 {[%emt 0:00:01]} 7. Be3 {[%emt 0:00:01]} Bg7 {[%emt 0:00:00]} 8. Qd2 {[%emt 0:00:01]} Rc8 {[%emt 0:00:01]} 9. Be2 {[%emt 0:00:01]} a6 {[%emt 0:00:00]} 10. a3 {[%emt 0:00:01]} h5 {[%emt 0:00:01]} 11. Bf3 {[%emt 0:00:01]} Nf6 {[%emt 0:00:01]} 12. O-O-O {[%emt 0:00:02]} Na5 {[%emt 0:00:01]} 13. Be2 {[%emt 0:00:04]} O-O {[%emt 0:00:03]} 14. Kb1 {[%emt 0:00:01]} b5 {[%emt 0:00:01]} 15. Bd3 {[%emt 0:00:03]} Nc4 {[%emt 0:00:01]} 16. Qf2 {[%emt 0:00:02]} Nxe3 {[%emt 0:00:03]} 17. Qxe3 {[%emt 0:00:01]} Ng4 {[%emt 0:00:00]} 18. Qg1 {[%emt 0:00:02]} e6 {[%emt 0:00:03]} 19. Nce2 {[%emt 0:00:02]} e5 {[%emt 0:00:03]} 20. Nb3 {[%emt 0:00:05]} exf4 {[%emt 0:00:01]} 21. Nxf4 {[%emt 0:00:03]} Qf6 {[%emt 0:00:00]} 22. c3 {[%emt 0:00:12]} Qxf4 {[%emt 0:00:01]} 23. h3 {[%emt 0:00:00]} Ne3 {[%emt 0:00:02]} 24. Re1 {[%emt 0:00:04]} Nc4 {[%emt 0:00:02]} 25. Qa7 {[%emt 0:00:05]} Bc6 {[%emt 0:00:02]} 26. Rhf1 {[%emt 0:00:01]} Qg3 {[%emt 0:00:01]} 27. Qxa6 {[%emt 0:00:01]} Qxd3+ {[%emt 0:00:02]} 28. Ka2 {[%emt 0:00:02]} Qc2 {[%emt 0:00:01]} 29. Rb1 {[%emt 0:00:01]} Bxe4 {[%emt 0:00:04]} 30. Rfc1 {[%emt 0:00:01]} Qxg2 {[%emt 0:00:02] Time (Lag: Av=0.76s, max=1.1s) .} 0-1

[Event "Stay Safe Play From Home 349"]
[Site "Emanuel Lasker Arena"]
[Date "2020.08.02"]
[Round "9"]
[White "NTBT_DHS"]
[Black "Nuktotitakoi"]
[Result "1/2-1/2"]
[WhiteElo "2590"]
[BlackElo "2337"]
[Annotator "TA"]
[PlyCount "117"]
[EventDate "2020.08.02"]
[EventType "swiss (blitz)"]

{[%evp 10,116,21,2,56,41,77,27,19,21,25,31,28,20,47,-55,105,55,125,0,41,42,135,120,246,242,252,200,207,213,209,88,84,82,143,92,88,77,152,145,209,0,0,-9,-8,-13,-10,-22,0,0,0,0,16,16,18,15,38,0,45,46,79,79,102,0,0,0,0,0,0,0,0,0,0,0,0,0,0,0,0,0,0,0,0,0,0,0,0,0,29970,29972,29973,0,0,0,0,0,0,0,0,0,0,0,0,0,29993,29984,29985,0,0]} 1. d4 d6 2. Nc3 Nf6 3. e4 g6 4. Bg5 Bg7 5. e5 Nfd7 6. f4 h6 {B07: Pirc Defence: Miscellaneous Systems.} (6... Nb6 $11) 7. Bh4 $14 Nb6 8. a4 {[#]} a5 $146 {White has an edge.} ({Predecessor:} 8... g5 9. a5 N6d7 10. e6 gxh4 11. exf7+ Kf8 12. Nf3 e6 13. Bc4 d5 14. Bd3 Nc6 {½-½ (28) Bures,M (2155)-Broda,M (1930) Karvina 2007}) 9. Nf3 O-O 10. Bd3 Nc6 11. O-O Bg4 12. Be4 (12. Ne2 $14) 12... Nc4 $2 (12... d5 $15 {keeps the upper hand.} 13. Bd3 Nxd4 $1 {[%mdl 512]}) 13. Qe2 (13. Nd5 {keeps more tension.} dxe5 14. dxe5 Be6 15. Qd3 Bxd5 16. Bxd5 Nb6 17. Bxc6 Qxd3 18. cxd3 bxc6 19. Nd4) 13... Nxb2 (13... Bxf3 $14 14. Bxf3 Nxb2) 14. Qb5 ({White should try} 14. Nd5 $1 $16) 14... Bxf3 (14... Nb4 {is more complex.} 15. Rab1 c6 16. Qxb7 g5 17. fxg5 Rb8) 15. Bxf3 Nxd4 (15... Nb4 $14) 16. Qxb2 $16 Nxf3+ (16... dxe5 $16 17. fxe5 (17. Bxb7 exf4 18. Qc1 Rb8 $14) (17. Qxb7 Rb8 $16) 17... Bxe5) 17. Rxf3 $18 dxe5 18. Re1 Qd4+ 19. Bf2 Qb4 20. Qxb4 (20. Qa2 $18 {has better winning chances.}) 20... axb4 $16 21. Nd5 {[%mdl 64] Double Attack} exf4 (21... e6 $142 22. Nxc7 Rxa4) 22. Rxe7 ({Reject} 22. Nxc7 $6 Rxa4 23. Nd5 (23. Rxf4 Bc3 $14) (23. Rxe7 Rd8 $14) 23... e5 $11) (22. Rxf4 $6 e6 $14) (22. Nxe7+ $142 Kh7 23. Rxf4) 22... Rxa4 23. h4 (23. Nxc7 Ra1+ 24. Re1 Rd8 $14) 23... c6 ({Better is} 23... g5) 24. Nxf4 b5 (24... Ra2 $16) 25. Rc7 $2 (25. Nd3 $18) 25... Be5 26. Rxc6 b3 $36 {[%mdl 2048] White is under pressure.} 27. Rxb3 {Hoping for Nd3.} Rxf4 28. Rxb5 Bg7 29. h5 g5 30. Be3 Rf6 (30... Re4 {looks sharper.} 31. Bf2 Rd8 32. Rb1 Rd7 33. Re1 Ra4) 31. Rxf6 Bxf6 $11 {[%mdl 4096] Endgame KRB-KRB} 32. c4 Kg7 33. c5 Re8 34. Kf2 g4 {[#]} 35. c6 $1 Bh4+ {[#]} 36. g3 (36. Ke2 $1 $16) 36... Bxg3+ $1 37. Kxg3 Rxe3+ 38. Kxg4 {Strongly threatening Rc5. KR-KR} Rc3 39. Rb6 Rc5 40. Kf4 Rxh5 41. Ke4 {aiming for Kd4.} Rc5 42. Kd4 Rc1 43. Kd5 h5 44. Rb4 Kg6 45. Rc4 Rd1+ $1 46. Kc5 {Black must now prevent c7.} Rd8 47. c7 Rc8 48. Kd6 f5 $2 {[%mdl 8192]} (48... Kg5 $11) 49. Kd7 Rxc7+ 50. Kxc7 $2 {KR-KPP} (50. Rxc7 Kg5 51. Ke6 h4 52. Ke5 Kg4 53. Kd4 h3 54. Ke3 f4+ 55. Kf2) 50... Kg5 51. Kd6 h4 $1 52. Ke5 h3 53. Rc8 {White threatens Rg8+ and mate.} Kg4 $1 54. Rg8+ Kf3 55. Rh8 Kg2 56. Rg8+ Kh2 $2 {[%mdl 8192]} (56... Kf3 $11) 57. Kxf5 Kh1 58. Rh8 $2 (58. Kf4 {mates} h2 59. Kg3 Kg1 60. Kh3+ Kh1 61. Kg3 Kg1 62. Re8 Kf1 63. Kxh2) 58... h2 59. Rg8 {Accuracy: White = 70%, Black = 61%.} 1/2-1/2

[Event "Stay Safe Play From Home 349"]
[Site "Emanuel Lasker Arena"]
[Date "2020.08.02"]
[Round "9"]
[White "Mepe_Nika"]
[Black "Uber_WING"]
[Result "1-0"]
[WhiteElo "2347"]
[BlackElo "2328"]
[Annotator "TA"]
[PlyCount "65"]
[EventDate "2020.08.02"]
[EventType "swiss (blitz)"]

{[%evp 15,65,31,38,22,50,43,66,46,52,59,55,52,77,72,160,112,119,104,112,67,70,63,158,150,166,164,319,309,512,164,172,175,184,167,227,172,247,245,243,250,227,247,249,223,254,238,208,200,1540,1457,1309,1250]} 1. d4 c5 2. c3 cxd4 3. cxd4 d5 4. Nf3 e6 5. Nc3 Be7 6. Bf4 Nc6 7. e3 a6 8. Bd3 Nf6 9. Rc1 {D13: Slav Defence: Exchange variation without ...Bf5.} h6 10. O-O O-O 11. h3 {White is slightly better.} Re8 12. Ne5 Bd7 {[#]} 13. Bb1 $146 ({Predecessor:} 13. Nxd7 Qxd7 14. Na4 Qd8 15. Bb1 Rc8 16. Nc5 Bxc5 17. Rxc5 b6 18. Rc1 Qd7 19. Qd3 {1-0 (40) Fedukin,A (2020)-Berezhnov,D Saratov 2010}) 13... Nxe5 14. dxe5 Ne4 (14... Nh7 $142) 15. Nxe4 dxe4 16. Bxe4 Bb5 17. Qxd8 Raxd8 18. Rfd1 ({Much worse is} 18. Bxb7 Bxf1 19. Rxf1 Rd2 $17) 18... Rc8 {Black is now going downhill.} (18... b6 $14) 19. Bxb7 $16 Rb8 20. Bf3 Ba4 $2 {[#]} (20... Rec8 21. Bg3 g5) 21. b3 $18 Bb5 $2 (21... Ba3 22. bxa4 Bxc1 23. Rxc1 Rec8 24. Rxc8+ Rxc8) 22. Bc6 $2 (22. a4) 22... Bxc6 23. Rxc6 a5 24. Rd7 Bb4 (24... g5 $142) 25. Rcc7 Rf8 (25... g5 $142) 26. e4 Rbc8 27. Be3 Rxc7 28. Rxc7 {KRB-KRB} Rd8 29. g4 Rd1+ 30. Kg2 Ra1 31. a4 Rxa4 $2 {[#]} (31... Rb1 32. Rb7 Rxb3) 32. Rc8+ Kh7 33. bxa4 {Accuracy: White = 65%, Black = 37%.} 1-0

[Event "Stay Safe Play From Home 349"]
[Site "Emanuel Lasker Arena"]
[Date "2020.08.02"]
[Round "9"]
[White "little champs"]
[Black "BrainThinker22"]
[Result "0-1"]
[WhiteElo "2148"]
[BlackElo "2425"]
[Annotator "NA"]
[PlyCount "140"]
[EventDate "2020.08.02"]
[EventType "swiss (blitz)"]

1. d4 {[%emt 0:00:01]} c5 {[%emt 0:00:01]} 2. e3 {[%emt 0:00:00]} cxd4 {[%emt 0:00:00]} 3. exd4 {[%emt 0:00:00]} d5 {[%emt 0:00:00]} 4. Nf3 {[%emt 0:00:00]} Nc6 {[%emt 0:00:00]} 5. Be2 {[%emt 0:00:00]} Nf6 {[%emt 0:00:00]} 6. O-O {[%emt 0:00:00]} a6 {[%emt 0:00:00]} 7. c4 {[%emt 0:00:00]} e6 {[%emt 0:00:01]} 8. cxd5 {[%emt 0:00:00]} Nxd5 {[%emt 0:00:00]} 9. Nc3 {[%emt 0:00:00]} Be7 {[%emt 0:00:00]} 10. Nxd5 {[%emt 0:00:01]} Qxd5 {[%emt 0:00:01]} 11. Be3 {[%emt 0:00:00]} O-O {[%emt 0:00:01]} 12. Qc2 {[%emt 0:00:01]} Bd7 {[%emt 0:00:04]} 13. a3 {[%emt 0:00:01]} Rac8 {[%emt 0:00:01]} 14. Qd2 {[%emt 0:00:00]} Bf6 {[%emt 0:00:02]} 15. Rad1 {[%emt 0:00:01]} Rfd8 {[%emt 0:00:01]} 16. b4 {[%emt 0:00:01]} Be8 {[%emt 0:00:01]} 17. Qb2 {[%emt 0:00:00]} Ne7 {[%emt 0:00:01]} 18. Rc1 {[%emt 0:00:01]} Nf5 {[%emt 0:00:01]} 19. Rxc8 {[%emt 0:00:01]} Rxc8 {[%emt 0:00:00]} 20. Rc1 {[%emt 0:00:00]} Rxc1+ {[%emt 0:00:01]} 21. Qxc1 {[%emt 0:00:00]} Bc6 {[%emt 0:00:00]} 22. Qc5 {[%emt 0:00:01]} Qa2 {[%emt 0:00:05]} 23. Bf1 {[%emt 0:00:05]} g6 {[%emt 0:00:03]} 24. Qc3 {[%emt 0:00:05]} Qb1 {[%emt 0:00:05]} 25. Nd2 {[%emt 0:00:01]} Qa2 {[%emt 0:00:02]} 26. Bc4 {[%emt 0:00:02]} Bxd4 {[%emt 0:00:04]} 27. Bxd4 {[%emt 0:00:01]} Nxd4 {[%emt 0:00:01]} 28. Qxd4 {[%emt 0:00:03]} Qxa3 {[%emt 0:00:01]} 29. h3 {[%emt 0:00:01]} Qxb4 {[%emt 0:00:04]} 30. Qd3 {[%emt 0:00:00]} Qc5 {[%emt 0:00:02]} 31. Bb3 {[%emt 0:00:01]} Qe5 {[%emt 0:00:01]} 32. Nf3 {[%emt 0:00:01]} Qa1+ {[%emt 0:00:01]} 33. Kh2 {[%emt 0:00:01]} Qf6 {[%emt 0:00:00]} 34. Bc2 {[%emt 0:00:02]} Bxf3 {[%emt 0:00:01]} 35. gxf3 {[%emt 0:00:01]} Qe5+ {[%emt 0:00:01]} 36. Kg2 {[%emt 0:00:01]} Kg7 {[%emt 0:00:00]} 37. Bb3 {[%emt 0:00:02]} Qg5+ {[%emt 0:00:01]} 38. Kf1 {[%emt 0:00:01]} Qc5 {[%emt 0:00:00]} 39. Bc2 {[%emt 0:00:01]} b5 {[%emt 0:00:01]} 40. Qb3 {[%emt 0:00:02]} Kf8 {[%emt 0:00:01]} 41. Qb2 {[%emt 0:00:00]} Qc4+ {[%emt 0:00:01]} 42. Kg2 {[%emt 0:00:01]} Ke7 {[%emt 0:00:00]} 43. Be4 {[%emt 0:00:00]} h5 {[%emt 0:00:01]} 44. Qa3+ {[%emt 0:00:01]} b4 {[%emt 0:00:01]} 45. Qa5 {[%emt 0:00:01]} Kf6 {[%emt 0:00:01]} 46. Qd8+ {[%emt 0:00:03]} Kg7 {[%emt 0:00:01]} 47. Qd2 {[%emt 0:00:02]} Qc3 {[%emt 0:00:00]} 48. Qa2 {[%emt 0:00:01]} Qe5 {[%emt 0:00:01]} 49. Qxa6 {[%emt 0:00:01]} Qg5+ {[%emt 0:00:00]} 50. Kf1 {[%emt 0:00:01]} Qc1+ {[%emt 0:00:01]} 51. Ke2 {[%emt 0:00:00]} Qc5 {[%emt 0:00:00]} 52. Bd3 {[%emt 0:00:01]} Qe5+ {[%emt 0:00:01]} 53. Be4 {[%emt 0:00:01]} Qb2+ {[%emt 0:00:00]} 54. Ke3 {[%emt 0:00:01]} Qf6 {[%emt 0:00:00]} 55. Qd3 {[%emt 0:00:00]} b3 {[%emt 0:00:00]} 56. Qd4 {[%emt 0:00:00]} Qxd4+ {[%emt 0:00:01]} 57. Kxd4 {[%emt 0:00:00]} b2 {[%emt 0:00:00]} 58. Bb1 {[%emt 0:00:00]} f5 {[%emt 0:00:00]} 59. Kc3 {[%emt 0:00:00]} Kf7 {[%emt 0:00:00]} 60. Kxb2 {[%emt 0:00:00]} Kf6 {[%emt 0:00:00]} 61. Kc3 {[%emt 0:00:00]} e5 {[%emt 0:00:00]} 62. Kd3 {[%emt 0:00:00]} h4 {[%emt 0:00:00]} 63. Ke2 {[%emt 0:00:00]} g5 {[%emt 0:00:00]} 64. Bc2 {[%emt 0:00:00]} e4 {[%emt 0:00:00]} 65. Bb1 {[%emt 0:00:00]} exf3+ {[%emt 0:00:01]} 66. Kxf3 {[%emt 0:00:00]} Ke5 {[%emt 0:00:00]} 67. Bc2 {[%emt 0:00:00]} g4+ {[%emt 0:00:00]} 68. hxg4 {[%emt 0:00:01]} h3 {[%emt 0:00:00]} 69. Kg3 {[%emt 0:00:01]} h2 {[%emt 0:00:00]} 70. Bd1 {[%emt 0:00:01]} f4+ {[%emt 0:00:00] Time (Lag: Av=0.68s, max=1.8s)} 0-1